| 000 | 01615cam a2200493 i 4500 | ||
|---|---|---|---|
| 001 | 44491 | ||
| 005 | 20230411085957.0 | ||
| 008 | 770613s1977 nyu b 000 0 eng | ||
| 010 | _a 77024209 | ||
| 035 | _a(OCoLC)ocm03089491 | ||
| 040 |
_aDLC _cDLC _dUBA _dOCLCQ _dMUQ _dNLGGC _dNLM _dDRFGD |
||
| 016 | 7 |
_a7808813 _2DNLM |
|
| 020 |
_a0878340262 : _c$5.95 |
||
| 020 | _a9780878340262 | ||
| 029 | 1 |
_aNLGGC _b782369502 |
|
| 029 | 1 |
_aNLGGC _b108999874 |
|
| 029 | 1 |
_aNLM _b7808813 |
|
| 029 | 1 |
_aNZ1 _b2968868 |
|
| 035 | _a(OCoLC)3089491 | ||
| 043 | _ad------ | ||
| 060 | 0 | 0 |
_aHB 884 _bS783p 1977 |
| 082 | _a301.32/9/1724 | ||
| 049 | _aGRAL | ||
| 100 | 1 |
_aStamper, B. Maxwell, _d1947- |
|
| 245 | 1 | 0 |
_aPopulation and planning in developing nations : _ba review of sixty development plans for the 1970s / _cB. Maxwell Stamper. |
| 260 |
_aNew York : _bPopulation Council, _cc1977. |
||
| 300 |
_axii, 265 p. ; _c23 cm. |
||
| 500 | _a"An outgrowth of an earlier report (Stamper, 1973)." | ||
| 504 | _aIncludes bibliographical references (p. 255-265). | ||
| 651 | 0 |
_aDeveloping countries _xPopulation. |
|
| 651 | 0 |
_aDeveloping countries _xPopulation policy. |
|
| 650 | 7 |
_aPopulacao. _2larpcal |
|
| 651 | 6 |
_aPays en voie de développement _xPopulation. |
|
| 651 | 6 |
_aPays en voie de développement _xPolitique démographique. |
|
| 650 | 1 | 7 |
_aBevolkingspolitiek. _2gtt |
| 650 | 2 | _aDeveloping Countries. | |
| 650 | 2 | _aPopulation Control. | |
| 650 | 2 | _aPopulation Growth. | |
| 650 | 2 | _aPopulation. | |
| 650 | 2 | _aPublic Policy. | |
| 942 |
_2lcc _cbk |
||
| 946 | _almminaya | ||
| 994 |
_aC0 _bDRFGD |
||
| 999 |
_c110346 _d110346 |
||